| 000 | 00433nam a22001817a 4500 | ||
|---|---|---|---|
| 005 | 20251108175345.0 | ||
| 008 | 250721s2001 xx 000 0 eng d | ||
| 020 | _a72317930 | ||
| 082 | 1 | 4 | _a330/COL |
| 100 | 1 | _acolander, david c | |
| 245 | 1 | 0 | _aColander Economics / |
| 250 | _a4.ED. | ||
| 264 | 1 |
_anew york : _bmc graw hill irwin, _c2001. |
|
| 300 | _a787 P. | ||
| 650 | 1 | 7 | _aECONOMICS |
| 942 |
_2ddc _cBK |
||
| 999 |
_c132215 _d132215 |
||